000 00812nam a22002657a 4500
999 _c130276
_d130276
001 2155879
003 ARRUPE
005 20200203104031.0
008 990211s1998 rh 000 0 nde
010 _a 98982449
040 _aDLC
_cDLC
042 _alcode
050 0 0 _aPL8681.7.I56 1998
245 0 0 _aInkondlo.
_cZimbabwe Women Writters
260 _a[Harare] :
_bZimbabwe Women Writers,
_c[1998]
300 _a60 p. ;
_c21 cm.
500 _a"July 1998"--Cover.
500 _a"Inkondlo ezalotshwa ngamalunga eZimbabwe Women Writers kusukela ngo1990 kusiya ku1998."
520 _aPoems.
546 _aIn Ndebele.
710 2 _aZimbabwe Women Writers.
_949300
906 _a7
_bcbc
_corigode
_du
_encip
_f19
_gy-gencatlg
942 _2lcc
_cMONOGRAPH